Statistics for Biggest Coastal City by U.S. State

Click here to take the quiz!

General Stats

  • This quiz has been taken 10,648 times
  • The average score is 16 of 23

Answer Stats

StatePopulationCity% Correct
California3,979,576Los Angeles
98%
New York8,336,817New York City
97%
Massachusetts692,600Boston
94%
Washington753,675Seattle
93%
Hawaii345,064Honolulu
92%
Louisiana390,144New Orleans
92%
Alaska288,000Anchorage
87%
Florida911,507Jacksonville
82%
Maine66,215Portland
82%
Maryland593,490Baltimore
80%
Rhode Island179,883Providence
75%
Alabama188,720Mobile
67%
Georgia144,464Savannah
67%
Virginia449,974Virginia Beach
67%
South Carolina137,566Charleston
63%
New Jersey282,011Newark
61%
Texas326,586Corpus Christi
53%
Delaware70,166Wilmington
52%
North Carolina123,744Wilmington
52%
Connecticut144,399Bridgeport
40%
Mississippi71,705Gulfport
28%
New Hampshire21,927Portsmouth
23%
Oregon16,361Coos Bay
13%

Score Distribution

Percentile by Number Answered

Percent of People with Each Score

Your Score History

You have not taken this quiz